Curso de álgebra superior /
Guardado en:
| Autor Principal: | |
|---|---|
| Formato: | Libro |
| Idioma: | Spanish |
| Publicado: |
Moscú :
Mir,
1975.
|
| Edición: | 2da. ed. |
| Materias: | |
| Etiquetas: |
Agregar Etiqueta
Sin Etiquetas, Sea el primero en etiquetar este registro!
|
| LEADER | 00601nam a22001935a 4500 | ||
|---|---|---|---|
| 001 | EIQ.libpla004521 | ||
| 008 | 041125s1975####ru#a##########000#0#spa#d | ||
| 005 | 20150428142726.0 | ||
| 245 | 1 | 0 | |a Curso de álgebra superior / |c A. G. Kurosch ; traducido del ruso por Emiliano Aparicio Bernardo. |
| 260 | |a Moscú : |b Mir, |c 1975. | ||
| 250 | |a 2da. ed. | ||
| 300 | |a 442 p. : |b il. ; |c 22 cm. | ||
| 500 | |a Incluye índice. | ||
| 100 | 1 | |a Kurosh, A. G. |q (Aleksandr Gennadievich) | |
| 082 | 0 | 4 | |a 512 |
| 650 | 7 | |a Matemáticas. | |
| 650 | 7 | |a Algebra. | |
| 650 | 7 | |a Mathematics | |
| 859 | |a AR-BbSID |b BIB. PLAPIQUI |h 512 |i K95 |p 6400 | ||
